00733nam a2200241 a 450000100060000000300090000600800410001502000150005604000280007108200170009910000260011624500290014225000060017126000560017730000110023359000610024465000320030565000450033765000530038265000270043594200120046299900170047411164CO-ViMGA141112s2004 ck r 000 u spa d a9589057241 aCO-ViMGAbspacCO-ViMGA04a301.412 B37h1 aBermudez, Suzy91551210aHijas, esposas y amantes a1 aSantafé de Bogotá, cediciones Uniandes, c1994 a185 p. aForma de adquisición : donación - - Precio : 15.00014aCOLOMBIA 1850 - 188691551314aCONDICIONES SOCIALES DE América91551414aMUJERES EN EL DESCUBRIMIENTO DE América91551514aSITUACION LEGAL915516 2ddccBK c22377d22377